<?xml version="1.0" encoding="UTF-8"?>
<record
    xmlns:xsi="http://www.w3.org/2001/XMLSchema-instance"
    xsi:schemaLocation="http://www.loc.gov/MARC21/slim http://www.loc.gov/standards/marcxml/schema/MARC21slim.xsd"
    xmlns="http://www.loc.gov/MARC21/slim">

  <leader>01422nam a22002057a 4500</leader>
  <controlfield tag="001">3334</controlfield>
  <controlfield tag="003">FISKH</controlfield>
  <controlfield tag="005">20240228153523.0</controlfield>
  <controlfield tag="008">240228b        cb ||||| |||| 00| 0 eng d</controlfield>
  <datafield tag="040" ind1=" " ind2=" ">
    <subfield code="a">FISKH</subfield>
    <subfield code="b">eng</subfield>
    <subfield code="c">FISKH</subfield>
    <subfield code="d">FISKH</subfield>
  </datafield>
  <datafield tag="082" ind1=" " ind2=" ">
    <subfield code="a">959.6</subfield>
  </datafield>
  <datafield tag="100" ind1=" " ind2=" ">
    <subfield code="a">Socheat, Duong </subfield>
  </datafield>
  <datafield tag="245" ind1=" " ind2=" ">
    <subfield code="a">The history of malaria in Cambodia/ </subfield>
    <subfield code="c">Duong Socheat</subfield>
  </datafield>
  <datafield tag="260" ind1=" " ind2=" ">
    <subfield code="a">Phnom Penh : </subfield>
    <subfield code="b">Ministry of Information, </subfield>
    <subfield code="c">2012.</subfield>
  </datafield>
  <datafield tag="300" ind1=" " ind2=" ">
    <subfield code="a"> 232 pages : </subfield>
    <subfield code="b">color illustrations ; map ;</subfield>
    <subfield code="c">25 cm </subfield>
  </datafield>
  <datafield tag="520" ind1=" " ind2=" ">
    <subfield code="a">Malaria has been one of the major killer diseases in Cambodia and the Royal Government of Cambodia have not only committed key resources to control the scourge but also launched a long term strategic plan to eliminate malaria in the country by 2025. To collect all the relevant information and documents from different sources from around the year 1951 until May 2011 and compile in the form of a book in order to present this as a significant malaria document for the future generations of the country and especially to those individuals and organization that would be interested in learning about challenge posed by the disease and how the diseases burden has been overcome through a national program that involved from an emergency mission mode program through control and sustained control to an ambitious elimination program. </subfield>
  </datafield>
  <datafield tag="650" ind1=" " ind2=" ">
    <subfield code="a">Malaria </subfield>
    <subfield code="x">Cambodia</subfield>
    <subfield code="y">Malaria 1951-2011</subfield>
    <subfield code="z">History</subfield>
  </datafield>
  <datafield tag="942" ind1=" " ind2=" ">
    <subfield code="2">ddc</subfield>
    <subfield code="c">BK</subfield>
    <subfield code="n">0</subfield>
  </datafield>
  <datafield tag="999" ind1=" " ind2=" ">
    <subfield code="c">3334</subfield>
    <subfield code="d">3334</subfield>
  </datafield>
  <datafield tag="952" ind1=" " ind2=" ">
    <subfield code="0">0</subfield>
    <subfield code="1">0</subfield>
    <subfield code="2">ddc</subfield>
    <subfield code="4">0</subfield>
    <subfield code="7">0</subfield>
    <subfield code="8">NFIC</subfield>
    <subfield code="a">001</subfield>
    <subfield code="b">001</subfield>
    <subfield code="c">TKSNF</subfield>
    <subfield code="d">2024-02-28</subfield>
    <subfield code="l">0</subfield>
    <subfield code="o">SOC 959.6</subfield>
    <subfield code="p">FISSE03390</subfield>
    <subfield code="r">2024-02-28 14:37:23</subfield>
    <subfield code="w">2024-02-28</subfield>
    <subfield code="y">BK</subfield>
  </datafield>
</record>
